000 00486nam a2200181Ia 4500
005 20250508162721.0
008 008 250505s9999 xx 000 0 hin d
037 _aTextual
040 _aFEDL
_beng
_cFEDL
041 _ahin
_2eng
084 _aB, NAI
_qFEDL
100 _aBeg Tara Ali
_9773900
245 0 _aSarojni Niadu
260 _aNew Delhi, India
_bSuchna aur Prasaran Mantralaya
_c1981
300 _av,232p.
942 _cTEXL
_hB, NAI
999 _c1378265
_d1378265